[Event "New Delhi Parsvnath op-A 17th"]
[Site "New Delhi"]
[Date "2019.01.09"]
[Round "1"]
[White "Shubham, Shukla"]
[Black "Mosadeghpour, Masoud"]
[Result "0-1"]
[WhiteElo "1933"]
[BlackElo "2517"]
[PlyCount "53"]
[EventDate "2019.01.09"]
[EventType "swiss"]
[EventRounds "10"]
[EventCountry "IND"]
[SourceTitle "CBM 188 Extra"]
[Source "ChessBase"]
[SourceDate "2019.02.26"]
[SourceVersion "1"]
[SourceVersionDate "2019.02.26"]
[SourceQuality "1"]

1. d4 Nf6 2. Nf3 g6 3. Nc3 d5 4. Bf4 Bg7 5. e3 0-0 6. h3 c5 7. Be2 Nc6 8. 0-0 Ne4 9. Nxe4 dxe4 10. Nd2 cxd4 11. exd4 Nxd4 12. c3 Nxe2+ 13. Qxe2 e5 14. Be3 Qd3 15. Qxd3 exd3 16. f4 Re8 17. fxe5 Bxe5 18. Rae1 Be6 19. a3 Bd5 20. Kf2 Re6 21. Nf3 Rae8 22. Bd2 Bxf3 23. Kxf3 Rf6+ 24. Kg4 h5+ 25. Kh4 Rb6 26. b4 Rbe6 27. g4 0-1

[Event "New Delhi Parsvnath op-B 16th"]
[Site "New Delhi"]
[Date "2018.01.11"]
[Round "7"]
[White "Shubham, 1111"]
[Black "Shubham, Shukla"]
[Result "1-0"]
[WhiteElo "1915"]
[BlackElo "1840"]
[PlyCount "105"]
[EventDate "2018.01.09"]
[EventType "swiss"]
[EventRounds "10"]
[EventCountry "IND"]
[SourceTitle "CBM 182 Extra"]
[Source "ChessBase"]
[SourceDate "2018.02.23"]
[SourceVersion "1"]
[SourceVersionDate "2018.02.23"]
[SourceQuality "1"]

1. e4 c5 2. Nf3 Nc6 3. d4 cxd4 4. Nxd4 Nf6 5. Nc3 e5 6. Ndb5 Bb4 7. a3 Bxc3+ 8. Nxc3 0-0 9. Be3 d6 10. f3 Be6 11. Qd2 d5 12. exd5 Nxd5 13. Nxd5 Qxd5 14. Qxd5 Bxd5 15. 0-0-0 Rfd8 16. Bg5 f6 17. Rxd5 Rxd5 18. Bc4 Rad8 19. Rd1 Ne7 20. Be3 b6 21. b4 Kf8 22. Bxd5 Rxd5 23. c4 Rxd1+ 24. Kxd1 Ke8 25. Kd2 Kd7 26. a4 Nf5 27. Bf2 Kc6 28. Kd3 Ne7 29. Ke4 Nc8 30. g4 Nd6+ 31. Kd3 Nb7 32. h4 g6 33. Be3 Nd6 34. b5+ Kd7 35. c5 Nc8 36. Kc4 Ke6 37. a5 bxa5 38. Kb3 Kd5 39. Ka4 f5 40. gxf5 gxf5 41. Kxa5 f4 42. Bg1 Kc4 43. Ka6 Ne7 44. c6 Nd5 45. Bxa7 Nc7+ 46. Kb6 Nxb5 47. Bb8 e4 48. fxe4 f3 49. Bg3 Nd6 50. Bxd6 f2 51. c7 f1Q 52. c8Q+ Kd3 53. Qa6+ 1-0